María Zambrano : (Record no. 179085)

MARC details
000 -LEADER
campo de control de longitud fija 02766nam a2200313 4500
001 - NÚMERO DE CONTROL
campo de control 179085
003 - IDENTIFICADOR DE NÚMERO DE CONTROL
campo de control ES-MaACL
005 - FECHA Y HORA DE LA ÚLTIMA TRANSACCIÓN
campo de control 20250415063103.0
008 - DATOS DE LONGITUD FIJA--INFORMACIÓN GENERAL
campo de control de longitud fija 110906s2009 sp |||| |bspa d
020 ## - NÚMERO INTERNACIONAL ESTÁNDAR DEL LIBRO
Número Internacional Estándar del Libro 978-84-96756-69-4
080 ## - NÚMERO DE LA CLASIFICACIÓN DECIMAL UNIVERSAL
Número de la Clasificación Decimal Universal 1 Zambrano, María
080 ## - NÚMERO DE LA CLASIFICACIÓN DECIMAL UNIVERSAL
Número de la Clasificación Decimal Universal 929 Zambrano, María
100 1# - ENTRADA PRINCIPAL--NOMBRE DE PERSONA
Nombre de persona Blanco, Rogelio.
9 (RLIN) 29204
245 10 - MENCIÓN DEL TÍTULO
Título María Zambrano :
Resto del título la dama peregrina : [un acercamiento a su figura con textos inéditos de la filósofa] /
Mención de responsabilidad, etc. Rogelio Blanco.
250 ## - MENCION DE EDICION
Mención de edición 1ª ed.
260 ## - PUBLICACIÓN, DISTRIBUCIÓN, ETC.
Lugar de publicación, distribución, etc. [Córdoba] :
Nombre del editor, distribuidor, etc. Berenice,
Fecha de publicación, distribución, etc. 2009.
300 ## - DESCRIPCIÓN FÍSICA
Extensión 201 p. ;
Dimensiones 23 cm.
490 1# - MENCIÓN DE SERIE
Mención de serie Ensayo
500 ## - NOTA GENERAL
Nota general Cronología.
504 ## - NOTA DE BIBLIOGRAFÍA, ETC.
Nota de bibliografía, etc. Bibliografía: p. [165]-167.
520 ## - RESUMEN, ETC.
Sumario, etc. Este acercamiento a la biografía y pensamiento de María Zambrano alumbra la figura de la filósofa malagueña, quizás excesivamente afectada por las sombras del olvido, el exilio, la intelectualidad filosófica... El autor, promotor de muchas de las ediciones de su obra, realiza un fresco reflexivo motivado por la fortuna de compartir los últimos años de la vida de la filósofa y de contribuir a la difusión de gran parte de su obra. También pretende este texto ahondar en aquellos aspectos que han podido quedar desdibujados en las distintas y numerosas aportaciones sobre Zambrano aparecidas en los últimos años, y que, en opinión del autor, resultan ampliamente relevantes. Así, las reflexiones de la cultura sobre la esperanza o sus aportaciones al pensamiento político, concretamente sobre la democracia, y ese brillante último capítulo encaminado a subrayar, entre otras facetas reconocidas, una que se suele obviar, como es la ?pictórica?. Rogelio Blanco en un esfuerzo de claridad, aúna la biografía de la filósofa y los procesos y dinámica intelectuales, vinculando consideraciones biográfico-intelectuales de la autora con otros aspectos como la crisis de Occidente o la esperanza radical que puede salvar al hombre. El cierre de este libro lo componen varios textos inéditos de Zambrano que resultan muy oportunos para ilustrar buena parte del contenido de este ensayo. Han sido seleccionados de la sección de manuscritos existentes en la Fundación homónima de la filósofa, sita en Vélez- Málaga, y responden a contenidos que se reflejan en obras mayores, pero resultan iluminadores debido precisamente a la frescura de lo inédito y, sobre todo, de su estado embrionario frente a esos otros textos más definitivos.
600 14 - PUNTO DE ACCESO ADICIONAL DE MATERIA--NOMBRE DE PERSONA
Nombre de persona Zambrano, María,
Fechas asociadas al nombre 1904-1991
9 (RLIN) 117914
700 1# - ENTRADA AGREGADA--NOMBRE PERSONAL
Nombre de persona Zambrano, María,
Fechas asociadas al nombre 1904-1991
9 (RLIN) 117914
830 1# - PUNTO DE ACCESO ADICIONAL DE SERIE-TÍTULO UNIFORME
Título uniforme Ensayo
9 (RLIN) 177699
852 4# - LOCALIZACIÓN
Ubicación ES-MaACL
itemnumber 185954
Sublocalización o colección R.145895
Número de control de estantería A-11472
Signatura antigua Olim: N-4476
Ubicación en estantería Depósito 1
942 ## - ELEMENTOS DE ENTRADA SECUNDARIOS (KOHA)
Fuente del sistema de clasificación o colocación Clasificación decimal universal
Tipo de ítem Koha Libro impreso
Holdings
Estatus retirado Estado de pérdida Fuente del sistema de clasificación o colocación Estado de daño No para préstamo Biblioteca de origen Biblioteca actual Ubicación en estantería Fecha de adquisición Fuente de adquisición Total de préstamos Signatura topográfica completa Código de barras Visto por última vez Precio de reemplazo Tipo de ítem Koha
    Clasificación decimal universal     Biblioteca del Ateneo de Madrid Biblioteca del Ateneo de Madrid Depósito 1 06/09/2011 Compra   A-11472 1188118 23/02/2023 23/02/2023 Libro impreso